Statistics for Dead by Daylight Killer Perks #2

Click here to take the quiz!

General Stats

  • This quiz has been taken 40 times
  • The average score is 14 of 16

Answer Stats

Answer% Correct
Insidious
100%
Starstruck
100%
Tinkerer
100%
Blood Warden
97%
Dying Light
97%
Franklin's Demise
97%
Hex: Plaything
94%
Hex: Undying
94%
Pop Goes the Weasel
94%
Make Your Choice
91%
Fearmonger
88%
Nemesis
82%
Hysteria
79%
Stridor
79%
Trail of Torment
76%
Thrilling Tremors
67%

Score Distribution

Percentile by Number Answered

Percent of People with Each Score

Your Score History

You have not taken this quiz